[Event "Arab-ch"]
[Site "Khartoum"]
[Date "2023.03.04"]
[Round "8"]
[White "George Samir, David"]
[Black "Nadir, Samir"]
[Result "1-0"]
[WhiteElo "2000"]
[BlackElo "2202"]
[PlyCount "71"]
[EventDate "2023.02.26"]
[EventType "swiss"]
[EventRounds "9"]
[EventCountry "SUD"]
[SourceTitle "CBM 213 Extra"]
[Source "ChessBase"]
[SourceDate "2023.05.31"]
[SourceVersion "1"]
[SourceVersionDate "2023.05.31"]
[SourceQuality "1"]

1. e4 Nf6 2. e5 Nd5 3. d4 d6 4. Nf3 Nc6 5. h3 Bf5 6. c4 Ndb4 7. Na3 a5 8. Be2 dxe5 9. d5 Nd4 10. Nxd4 exd4 11. Qxd4 e6 12. 0-0 Qf6 13. Nb5 e5 14. Qd1 Rc8 15. Bg4 Bc5 16. Be3 Nd3 17. Be2 Bxe3 18. fxe3 e4 19. Bxd3 exd3 20. e4 Qb6+ 21. Kh1 Bg6 22. Qxd3 0-0 23. b3 c6 24. Nc3 Rfe8 25. Rae1 Re5 26. d6 Rd8 27. Na4 Qb4 28. c5 Rxe4 29. Rxe4 Bxe4 30. Qe3 f5 31. Qg5 Rf8 32. Rd1 h6 33. Qe7 Qb5 34. Nc3 Qxc5 35. Nxe4 fxe4 36. Qxf8+ 1-0

[Event "Arab-ch"]
[Site "Khartoum"]
[Date "2023.02.27"]
[Round "2"]
[White "Nadir, Samir"]
[Black "Issa, Rafat"]
[Result "0-1"]
[WhiteElo "2202"]
[BlackElo "2336"]
[PlyCount "62"]
[EventDate "2023.02.26"]
[EventType "swiss"]
[EventRounds "9"]
[EventCountry "SUD"]
[SourceTitle "CBM 213 Extra"]
[Source "ChessBase"]
[SourceDate "2023.05.31"]
[SourceVersion "1"]
[SourceVersionDate "2023.05.31"]
[SourceQuality "1"]

1. d4 Nf6 2. Bf4 c5 3. d5 d6 4. Nc3 g6 5. e4 Bg7 6. Nf3 0-0 7. Be2 b5 8. e5 dxe5 9. Nxe5 b4 10. Na4 Nxd5 11. Bg3 e6 12. 0-0 Qe7 13. c4 bxc3 14. bxc3 Rd8 15. Qc2 f6 16. Nd3 Na6 17. Rfd1 e5 18. Qc1 Bd7 19. Qa3 Bxa4 20. Qxa4 Nac7 21. Qa3 Bf8 22. c4 Nb6 23. Nb2 Ne6 24. Bf3 Rac8 25. Bd5 Nxd5 26. Rxd5 Nd4 27. Qa6 Rc6 28. Qa5 Rcd6 29. Rxc5 Qb7 30. Na4 Nb3 31. Qe1 Nxa1 0-1

[Event "Addis Ababa zt 4.4"]
[Site "Addis Ababa"]
[Date "2022.05.03"]
[Round "3"]
[White "Nadir, Samir"]
[Black "Gole, Habtamu Ashenafi"]
[Result "1-0"]
[WhiteElo "2177"]
[BlackElo "2054"]
[PlyCount "145"]
[EventDate "2022.05.02"]
[EventType "swiss"]
[EventRounds "9"]
[EventCountry "ETH"]
[SourceTitle "CBM 208 Extra"]
[Source "ChessBase"]
[SourceDate "2022.07.31"]
[SourceVersion "1"]
[SourceVersionDate "2022.07.31"]
[SourceQuality "1"]

1. d4 f5 2. e4 fxe4 3. Nc3 Nf6 4. Bg5 g6 5. h4 h6 6. Bxf6 exf6 7. Qg4 Rg8 8. Qxe4+ Qe7 9. 0-0-0 Qxe4 10. Nxe4 Bg7 11. Re1 Kd8 12. Bc4 Rf8 13. Nf3 d6 14. Ng3 h5 15. Bd3 f5 16. c3 Bh6+ 17. Kb1 Nd7 18. Ng5 Nf6 19. f3 Bxg5 20. hxg5 Nd5 21. Ne2 c6 22. a3 b5 23. b3 Rb8 24. Kc2 Bd7 25. c4 bxc4 26. bxc4 Ne3+ 27. Kd2 Re8 28. Nf4 Rb2+ 29. Kc3 Ra2 30. Ra1 Rf2 31. Rhg1 Kc7 32. Rab1 Bc8 33. Rb2 Rxb2 34. Kxb2 d5 35. c5 Nc4+ 36. Kc3 a5 37. a4 Bd7 38. Ra1 Bc8 39. Ra2 Bd7 40. Re2 Rxe2 41. Bxe2 Be8 42. Bxc4 dxc4 43. Kxc4 Bf7+ 44. d5 cxd5+ 45. Kd4 Kc6 46. g3 Be8 47. Nxd5 Kb7 48. Nf4 Bxa4 49. Nxg6 Be8 50. Nf4 a4 51. Kc4 a3 52. Kb3 Kc6 53. Nd3 Kd5 54. f4 Kd4 55. Ne5 Kxc5 56. g6 Bxg6 57. Nxg6 Kd5 58. Nh4 Ke4 59. Kxa3 Ke3 60. Kb4 Kf2 61. Nxf5 Kf3 62. Nh4+ Kxg3 63. f5 Kxh4 64. f6 Kg3 65. f7 h4 66. f8Q h3 67. Qg7+ Kf2 68. Qh6 Kg2 69. Qg5+ Kh1 70. Qd5+ Kg1 71. Qd4+ Kg2 72. Qg4+ Kh2 73. Kc3 1-0

[Event "Addis Ababa zt 4.4"]
[Site "Addis Ababa"]
[Date "2022.05.02"]
[Round "1"]
[White "Nadir, Samir"]
[Black "Ali Abdullahi, Farah"]
[Result "1-0"]
[WhiteElo "2177"]
[BlackElo "1944"]
[PlyCount "47"]
[EventDate "2022.05.02"]
[EventType "swiss"]
[EventRounds "9"]
[EventCountry "ETH"]
[SourceTitle "CBM 208 Extra"]
[Source "ChessBase"]
[SourceDate "2022.07.31"]
[SourceVersion "1"]
[SourceVersionDate "2022.07.31"]
[SourceQuality "1"]

1. d4 d5 2. Nf3 Nf6 3. Bf4 c5 4. e3 Bf5 5. c3 Nc6 6. Qb3 Bc8 7. Bb5 c4 8. Bxc6+ bxc6 9. Qa4 Qb6 10. b3 Ba6 11. bxc4 Bxc4 12. Nbd2 Bb5 13. Qc2 Qa6 14. Ne5 c5 15. f3 e6 16. a4 Bc6 17. Kf2 Be7 18. Qb2 0-0 19. Nxc6 Qxc6 20. Qb5 Rfc8 21. Rhb1 cxd4 22. cxd4 h5 23. Rc1 Qe8 24. Nb3 1-0

[Event "Titled Tuesday intern op 16th June"]
[Site "Chess.com INT"]
[Date "2020.06.16"]
[Round "10"]
[White "Nadir, Samir"]
[Black "Berend, Elvira S"]
[Result "0-1"]
[WhiteElo "2152"]
[BlackElo "2326"]
[PlyCount "76"]
[EventDate "2020.06.16"]
[EventType "swiss (blitz)"]
[EventRounds "10"]
[EventCountry "USA"]
[SourceTitle "EXT 2021"]
[Source "ChessBase"]
[SourceDate "2020.10.23"]
[SourceVersion "1"]
[SourceVersionDate "2020.10.23"]
[SourceQuality "1"]

1. d4 Nf6 2. Bf4 g6 3. Nc3 Bg7 4. e4 d6 5. h4 0-0 6. h5 Nxh5 7. Rxh5 gxh5 8. Qxh5 e5 9. dxe5 dxe5 10. Bxe5 Nc6 11. Bxg7 Kxg7 12. Bd3 Qf6 13. Nf3 Qh6 14. Qxh6+ Kxh6 15. 0-0-0 Be6 16. e5 Kg7 17. Rh1 h6 18. Ne4 Rad8 19. Nf6 Rh8 20. g4 Nd4 21. Nh4 Kf8 22. f4 c5 23. c3 c4 24. Bf1 Nc6 25. Bg2 Ke7 26. Be4 a5 27. Nf3 Rc8 28. f5 Bd7 29. Nd5+ Kf8 30. g5 h5 31. Nf6 Rd8 32. g6 fxg6 33. fxg6 Ke7 34. Nd5+ Ke6 35. Nc7+ Ke7 36. Nd5+ Kf8 37. Ng5 Kg7 38. Nf7 Be6 0-1

[Event "Titled Tuesday intern op 16th June"]
[Site "Chess.com INT"]
[Date "2020.06.16"]
[Round "2"]
[White "Socko, Monika"]
[Black "Nadir, Samir"]
[Result "1-0"]
[WhiteElo "2428"]
[BlackElo "2152"]
[PlyCount "55"]
[EventDate "2020.06.16"]
[EventType "swiss (blitz)"]
[EventRounds "10"]
[EventCountry "USA"]
[SourceTitle "EXT 2021"]
[Source "ChessBase"]
[SourceDate "2020.10.23"]
[SourceVersion "1"]
[SourceVersionDate "2020.10.23"]
[SourceQuality "1"]

1. d4 d5 2. c4 Bf5 3. Nf3 e6 4. Nc3 c6 5. Bf4 Qb6 6. Qd2 Nf6 7. c5 Qd8 8. e3 b6 9. cxb6 axb6 10. Bd3 Bxd3 11. Qxd3 Bd6 12. Bg5 Nbd7 13. 0-0 h6 14. Bh4 Qb8 15. e4 dxe4 16. Nxe4 Nxe4 17. Qxe4 c5 18. Rfd1 0-0 19. dxc5 Nxc5 20. Qc6 Bc7 21. b4 Na4 22. Rac1 Rc8 23. Qe4 b5 24. Bg3 Bxg3 25. hxg3 Nc3 26. Rxc3 Rxc3 27. Ne5 Rxa2 28. Nxf7 1-0

[Event "Titled Tuesday intern op 28th Apr"]
[Site "Chess.com INT"]
[Date "2020.04.28"]
[Round "1"]
[White "Nadir, Samir"]
[Black "Baskin, Robert"]
[Result "0-1"]
[WhiteElo "2152"]
[BlackElo "2390"]
[PlyCount "64"]
[EventDate "2020.04.28"]
[EventType "swiss (blitz)"]
[EventRounds "10"]
[EventCountry "USA"]
[SourceTitle "EXT 2021"]
[Source "ChessBase"]
[SourceDate "2020.10.23"]
[SourceVersion "1"]
[SourceVersionDate "2020.10.23"]
[SourceQuality "1"]

1. d4 Nf6 2. f4 d5 3. e3 c5 4. Nf3 g6 5. c3 Bg7 6. Bd3 0-0 7. Nbd2 b6 8. 0-0 Ba6 9. Bxa6 Nxa6 10. Ne5 Nc7 11. Qe2 Nce8 12. dxc5 bxc5 13. e4 d4 14. Kh1 Nc7 15. cxd4 Qxd4 16. Nef3 Qd7 17. Nc4 Rfd8 18. Bd2 Qd3 19. Qxd3 Rxd3 20. Rfe1 Rad8 21. Bc3 Nh5 22. Bxg7 Kxg7 23. Nfe5 R3d4 24. Nc6 Rxc4 25. Nxd8 Nxf4 26. Nc6 Nd3 27. Re2 e6 28. g3 Nb5 29. Rd1 Nd4 30. Nxd4 Rxd4 31. Red2 Nf2+ 32. Kg2 Nxd1 0-1

[Event "Arab CC-ch"]
[Site "Hammamet"]
[Date "2020.03.09"]
[Round "2.1"]
[White "Sumets, Andrey"]
[Black "Nadir, Samir"]
[Result "1-0"]
[WhiteElo "2546"]
[BlackElo "2141"]
[PlyCount "103"]
[EventDate "2020.03.08"]
[EventType "team-tourn"]
[EventRounds "7"]
[EventCountry "TUN"]
[SourceTitle "CBM 195 Extra"]
[Source "ChessBase"]
[SourceDate "2020.05.31"]
[SourceVersion "1"]
[SourceVersionDate "2020.05.31"]
[SourceQuality "1"]
[WhiteTeam "Bouhjar"]
[BlackTeam "Alfrosia"]
[WhiteTeamCountry "TUN"]
[BlackTeamCountry "SUD"]

1. d4 d5 2. c4 c6 3. Nf3 Nf6 4. Nc3 Bf5 5. cxd5 cxd5 6. Qb3 Qb6 7. Nxd5 Nxd5 8. Qxd5 e6 9. Qb3 Qxb3 10. axb3 Bc2 11. Ne5 f6 12. Nd3 Bxd3 13. exd3 Nc6 14. Be3 Nb4 15. Ke2 a6 16. Rc1 Bd6 17. g3 Kd7 18. Bg2 Rab8 19. Bd2 Nd5 20. Rc4 Rhc8 21. Ra1 Ra8 22. h4 b5 23. Rxc8 Kxc8 24. h5 Kb7 25. Re1 Kc6 26. g4 Kd7 27. Ra1 Ra7 28. Be4 h6 29. Kf3 Bc7 30. Bxd5 exd5 31. Bb4 Ra8 32. Bc5 a5 33. b4 a4 34. Ra3 Kc6 35. Ke2 Re8+ 36. Kd1 Bf4 37. b3 Ra8 38. Ra2 Bg5 39. bxa4 bxa4 40. Re2 a3 41. Ra2 Kb5 42. Kc2 Ka4 43. b5 Kxb5 44. Bxa3 Ra7 45. Rb2+ Kc6 46. Bc5 Ra6 47. Kd1 f5 48. gxf5 Bf6 49. Ke2 Kd7 50. Kf3 Ke8 51. Rb8+ Kf7 52. Rf8# 1-0

[Event "Olympiad-43"]
[Site "Batumi"]
[Date "2018.10.05"]
[Round "11.2"]
[White "Nadir, Samir"]
[Black "Ieong, Seak Hin"]
[Result "1-0"]
[WhiteElo "2170"]
[BlackElo "1825"]
[PlyCount "55"]
[EventDate "2018.09.24"]
[EventType "team-swiss"]
[EventRounds "11"]
[EventCountry "GEO"]
[SourceTitle "CBM 187"]
[Source "ChessBase"]
[SourceDate "2018.12.11"]
[SourceVersion "1"]
[SourceVersionDate "2018.12.11"]
[SourceQuality "1"]
[WhiteTeam "Sudan"]
[BlackTeam "Macau"]
[WhiteTeamCountry "SUD"]
[BlackTeamCountry "MAC"]

1. d4 Nf6 2. Bf4 g6 3. Nc3 Bg7 4. e4 d6 5. Qd2 Nbd7 6. Nf3 0-0 7. h4 Qe8 8. e5 Ng4 9. Nb5 Qd8 10. e6 fxe6 11. h5 c6 12. Nc3 e5 13. dxe5 Ndxe5 14. Nxe5 Bxe5 15. Bxe5 Nxe5 16. hxg6 hxg6 17. Qh6 Kf7 18. f4 Qb6 19. fxe5 Qxb2 20. Kd2 Bf5 21. Bc4+ Ke8 22. Bd3 dxe5 23. Bxf5 Rd8+ 24. Bd3 Rf2+ 25. Ne2 Rxd3+ 26. Kxd3 e4+ 27. Kd2 Qd4+ 28. Ke1 1-0

[Event "Olympiad-43"]
[Site "Batumi"]
[Date "2018.09.30"]
[Round "6.51"]
[White "Nadir, Samir"]
[Black "Al Zendani, Zendan"]
[Result "0-1"]
[WhiteElo "2170"]
[BlackElo "2301"]
[PlyCount "60"]
[EventDate "2018.09.24"]
[EventType "team-swiss"]
[EventRounds "11"]
[EventCountry "GEO"]
[SourceTitle "CBM 187"]
[Source "ChessBase"]
[SourceDate "2018.12.11"]
[SourceVersion "1"]
[SourceVersionDate "2018.12.11"]
[SourceQuality "1"]
[WhiteTeam "Sudan"]
[BlackTeam "Yemen"]
[WhiteTeamCountry "SUD"]
[BlackTeamCountry "YEM"]

1. d4 Nf6 2. Bf4 e6 3. e3 b6 4. Nf3 Bb7 5. Be2 Be7 6. h3 0-0 7. a4 a6 8. 0-0 d6 9. c4 a5 10. Nc3 Na6 11. Rc1 Re8 12. Re1 Bf8 13. Bf1 Ne4 14. Bd3 f5 15. Bxe4 fxe4 16. Ng5 e5 17. dxe5 Nc5 18. Qh5 h6 19. e6 Qf6 20. Qf7+ Kh8 21. Qh5 g6 22. Qg4 hxg5 23. Bxg5 Qxe6 24. Qh4+ Kg8 25. Ne2 Nd3 26. Red1 Nxc1 27. Rxc1 Bg7 28. Nf4 Qf7 29. Rd1 Re5 30. b3 Qf5 0-1

[Event "Arab Clubs-chT"]
[Site "Sharjah"]
[Date "2018.02.11"]
[Round "7.2"]
[White "Nadir, Samir"]
[Black "Elnaami, Hashem Ak"]
[Result "1-0"]
[WhiteElo "2181"]
[BlackElo "1913"]
[PlyCount "78"]
[EventDate "2018.02.06"]
[EventType "team-tourn"]
[EventRounds "9"]
[EventCountry "UAE"]
[SourceTitle "CBM 182 Extra"]
[Source "ChessBase"]
[SourceDate "2018.02.23"]
[SourceVersion "1"]
[SourceVersionDate "2018.02.23"]
[SourceQuality "1"]
[WhiteTeam "Al Thawrra District 14"]
[BlackTeam "Aldahrah"]
[WhiteTeamCountry "SUD"]
[BlackTeamCountry "LBY"]

1. d4 d5 2. Bf4 Nf6 3. e3 c5 4. Nc3 a6 5. Nf3 Bg4 6. h3 Bh5 7. Be2 e6 8. g4 Bg6 9. Ne5 Nc6 10. h4 Nxe5 11. dxe5 d4 12. h5 dxc3 13. Qxd8+ Rxd8 14. hxg6 cxb2 15. Rb1 Nd5 16. Rxh7 Rg8 17. Rxb2 Rd7 18. gxf7+ Kxf7 19. c4 Nxf4 20. exf4 Kg6 21. Rh3 Rd4 22. Bd3+ Kf7 23. Rxb7+ Be7 24. f5 Rxg4 25. Rf3 Rg5 26. Be4 Ke8 27. Bc6+ Kd8 28. Rd3+ Kc8 29. Rxe7 Rxf5 30. Rxe6 Rf4 31. Bd5 Rgf8 32. Rxa6 Rxf2 33. Ra8+ Kc7 34. Rxf8 Rxf8 35. Rg3 Kb6 36. Rxg7 Rb8 37. Rb7+ Rxb7 38. Bxb7 Kxb7 39. a4 Kc6 1-0

[Event "Arab Clubs-chT"]
[Site "Sharjah"]
[Date "2018.02.09"]
[Round "5.2"]
[White "Nadir, Samir"]
[Black "Tamra, Attallah"]
[Result "0-1"]
[WhiteElo "2181"]
[BlackElo "2037"]
[PlyCount "58"]
[EventDate "2018.02.06"]
[EventType "team-tourn"]
[EventRounds "9"]
[EventCountry "UAE"]
[SourceTitle "CBM 182 Extra"]
[Source "ChessBase"]
[SourceDate "2018.02.23"]
[SourceVersion "1"]
[SourceVersionDate "2018.02.23"]
[SourceQuality "1"]
[WhiteTeam "Al Thawrra District 14"]
[BlackTeam "Al Quds"]
[WhiteTeamCountry "SUD"]
[BlackTeamCountry "PLE"]

1. Nf3 c5 2. c4 g6 3. Nc3 Nf6 4. d4 cxd4 5. Nxd4 Nc6 6. e4 d6 7. Be2 Nxd4 8. Qxd4 Bg7 9. 0-0 0-0 10. Bg5 Be6 11. Qe3 Qb6 12. Qxb6 axb6 13. e5 dxe5 14. b3 h6 15. Be3 Nd7 16. Na4 f5 17. Rad1 f4 18. Bc1 Nc5 19. Nxc5 bxc5 20. Bf3 Rxa2 21. Bxb7 Rb8 22. Bd5 Kf7 23. Bxe6+ Kxe6 24. Rfe1 Kf5 25. Rd3 e4 26. Rd5+ e5 27. h3 Rxb3 28. Rd6 Rc3 29. Bd2 Rd3 0-1

[Event "Arab-ch"]
[Site "Khartoum"]
[Date "2016.11.06"]
[Round "9"]
[White "Nadir, Samir"]
[Black "Tamra, Attallah"]
[Result "1-0"]
[WhiteElo "2180"]
[BlackElo "2061"]
[PlyCount "135"]
[EventDate "2016.10.31"]
[EventType "tourn"]
[EventRounds "9"]
[EventCountry "SUD"]
[SourceTitle "CBM 175 Extra"]
[Source "ChessBase"]
[SourceDate "2016.12.12"]
[SourceVersion "1"]
[SourceVersionDate "2016.12.12"]
[SourceQuality "1"]

1. d4 Nf6 2. Nf3 e6 3. Bf4 c5 4. e3 b6 5. Be2 Bb7 6. 0-0 Be7 7. h3 0-0 8. c3 d6 9. Bh2 Nbd7 10. a4 a6 11. Nbd2 h6 12. b4 cxb4 13. cxb4 Nd5 14. Qb3 Rc8 15. Rfc1 Rxc1+ 16. Rxc1 Qb8 17. e4 N5f6 18. Bd3 Rc8 19. Qb1 Qa8 20. Rxc8+ Qxc8 21. Bf4 Qc3 22. Nf1 Kf8 23. N1d2 Kg8 24. Be3 Kf8 25. Ne1 Ne8 26. b5 a5 27. Qc2 Qxc2 28. Bxc2 Nef6 29. f3 Bd8 30. Nc4 Bc7 31. Bc1 d5 32. Ba3+ Kg8 33. Bd6 Bd8 34. Nd2 Ne8 35. Bf4 Be7 36. Kf2 f6 37. Nd3 Kf7 38. Bb3 g5 39. Bh2 Bd6 40. e5 Bc7 41. f4 Ng7 42. g4 fxe5 43. fxe5 Ne8 44. Nf3 Nf8 45. h4 gxh4 46. Nxh4 Nf6 47. Kf3 Ne4 48. Bf4 Kg7 49. Nf2 Bd8 50. Nxe4 dxe4+ 51. Kg3 Be7 52. Ng2 Bb4 53. Be3 Bc3 54. Nf4 Kf7 55. Kh4 Be1+ 56. Kh5 Bg3 57. Kxh6 Bxf4+ 58. Bxf4 Ng6 59. Bg5 Ne7 60. Bxe7 Kxe7 61. g5 e3 62. Bc4 Bd5 63. Be2 Kf7 64. g6+ Kg8 65. g7 Bb3 66. Kg6 Bd5 67. Kf6 Bb3 68. Bh5 1-0

[Event "Arab-ch"]
[Site "Khartoum"]
[Date "2016.11.02"]
[Round "4"]
[White "Nadir, Samir"]
[Black "Haddouche, Mohamed Amine"]
[Result "0-1"]
[WhiteElo "2180"]
[BlackElo "2494"]
[PlyCount "54"]
[EventDate "2016.10.31"]
[EventType "tourn"]
[EventRounds "9"]
[EventCountry "SUD"]
[SourceTitle "CBM 175 Extra"]
[Source "ChessBase"]
[SourceDate "2016.12.12"]
[SourceVersion "1"]
[SourceVersionDate "2016.12.12"]
[SourceQuality "1"]

1. d4 Nf6 2. Nf3 g6 3. Bf4 Bg7 4. e3 0-0 5. Be2 c5 6. c3 d5 7. 0-0 Nc6 8. h3 b6 9. Nbd2 Bb7 10. Qa4 Nd7 11. Rfd1 e6 12. e4 cxd4 13. cxd4 Nxd4 14. Nxd4 Nc5 15. Qa3 Bxd4 16. e5 f6 17. Nf3 fxe5 18. Bh6 Rf7 19. Nxd4 exd4 20. Rxd4 e5 21. Rdd1 Qh4 22. Qe3 d4 23. Qxe5 d3 24. Bg5 Qe4 25. Qxe4 Nxe4 26. Bg4 h5 27. b4 hxg4 0-1

[Event "Arab-ch"]
[Site "Khartoum"]
[Date "2016.11.02"]
[Round "5"]
[White "Oussedik, Mahfoud"]
[Black "Nadir, Samir"]
[Result "1/2-1/2"]
[WhiteElo "2291"]
[BlackElo "2180"]
[PlyCount "67"]
[EventDate "2016.10.31"]
[EventType "tourn"]
[EventRounds "9"]
[EventCountry "SUD"]
[SourceTitle "CBM 175 Extra"]
[Source "ChessBase"]
[SourceDate "2016.12.12"]
[SourceVersion "1"]
[SourceVersionDate "2016.12.12"]
[SourceQuality "1"]

1. d4 d5 2. Nf3 c6 3. c4 e6 4. Qc2 f5 5. e3 Nf6 6. Bd3 Bd6 7. b3 0-0 8. 0-0 Qe7 9. Bb2 Nbd7 10. Qc1 dxc4 11. Bxc4 b5 12. Bd3 Bb7 13. Nbd2 a6 14. Ne5 c5 15. a4 Bxe5 16. dxe5 Ng4 17. axb5 Ngxe5 18. Be2 axb5 19. Bxb5 Qg5 20. f3 Qxe3+ 21. Kh1 Rxa1 22. Bxa1 Rd8 23. Re1 Nd3 24. Rxe3 Nxc1 25. Rxe6 Nf8 26. Re7 Ne6 27. Rxb7 Rxd2 28. h4 Nxb3 29. Be5 Nbd4 30. Bc4 Kf8 31. h5 h6 32. Bd6+ Ke8 33. Re7+ Kd8 34. Rf7 1/2-1/2

[Event "Arab-ch"]
[Site "Khartoum"]
[Date "2016.11.01"]
[Round "2"]
[White "Nadir, Samir"]
[Black "Nezad, Husein Aziz"]
[Result "0-1"]
[WhiteElo "2180"]
[BlackElo "2431"]
[PlyCount "65"]
[EventDate "2016.10.31"]
[EventType "tourn"]
[EventRounds "9"]
[EventCountry "SUD"]
[SourceTitle "CBM 175 Extra"]
[Source "ChessBase"]
[SourceDate "2016.12.12"]
[SourceVersion "1"]
[SourceVersionDate "2016.12.12"]
[SourceQuality "1"]

1. d4 Nf6 2. Nf3 g6 3. Bf4 Bg7 4. e3 0-0 5. Be2 d6 6. 0-0 c5 7. c3 b6 8. h3 Bb7 9. Nbd2 Nbd7 10. a4 a6 11. Bh2 Ra7 12. Re1 Qa8 13. Bf1 Rc8 14. Qb3 Bc6 15. c4 cxd4 16. exd4 Re8 17. Qa3 Qd8 18. Rad1 Ba8 19. b4 a5 20. b5 Bf8 21. d5 e5 22. dxe6 Rxe6 23. Bxd6 Bxd6 24. Qxd6 Nc5 25. Ne4 Rd7 26. Nxf6+ Qxf6 27. Qxb6 Bxf3 28. gxf3 Qg5+ 29. Kh1 Rd2 30. Rxd2 Qxd2 31. Re2 Qc1 32. Kg1 Qg5+ 33. Bg2 0-1

[Event "Olympiad-42"]
[Site "Baku"]
[Date "2016.09.04"]
[Round "3.1"]
[White "Mabrouk, Fathi Ben Salah"]
[Black "Nadir, Samir"]
[Result "1-0"]
[WhiteElo "2145"]
[BlackElo "2199"]
[PlyCount "108"]
[EventDate "2016.09.02"]
[EventType "team-swiss"]
[EventRounds "11"]
[EventCountry "AZE"]
[SourceTitle "CBM 175"]
[Source "ChessBase"]
[SourceDate "2016.11.10"]
[SourceVersion "1"]
[SourceVersionDate "2016.11.10"]
[SourceQuality "1"]
[WhiteTeam "Tunisia"]
[BlackTeam "Sudan"]
[WhiteTeamCountry "TUN"]
[BlackTeamCountry "SUD"]

1. c4 c6 2. Qa4 e5 3. Nc3 Nf6 4. Nf3 d6 5. g3 Nbd7 6. Bg2 Be7 7. d3 0-0 8. 0-0 Re8 9. Qc2 a5 10. Rb1 Qc7 11. d4 Bf8 12. e4 g6 13. h3 Bg7 14. dxe5 dxe5 15. Be3 Bf8 16. Na4 b6 17. Rfd1 Nc5 18. Ne1 Nxa4 19. Qxa4 Bb7 20. c5 b5 21. Qc2 Bc8 22. b3 Be6 23. Rd2 Rad8 24. Rbd1 Rxd2 25. Rxd2 Qa7 26. Nd3 Nd7 27. a3 Rc8 28. f4 Bg7 29. Rf2 a4 30. b4 Bb3 31. Qb1 Rd8 32. f5 Qc7 33. g4 f6 34. h4 Nf8 35. Rd2 Bc4 36. Nf2 Rxd2 37. Bxd2 Qd7 38. Be3 h5 39. Bf3 gxf5 40. gxf5 Bf7 41. Nh1 Kh7 42. Qc1 Qd3 43. Kf2 Nd7 44. Ng3 Nb8 45. Be2 Qb3 46. Nxh5 Qa2 47. Nxg7 Bc4 48. Bd2 Bxe2 49. Kxe2 Kxg7 50. Qg1+ Kf8 51. h5 Qg8 52. Bh6+ Kf7 53. Qg6+ Qxg6 54. fxg6+ Kg8 1-0

[Event "Olympiad-42"]
[Site "Baku"]
[Date "2016.09.03"]
[Round "2.1"]
[White "Nadir, Samir"]
[Black "Jones, Richard S"]
[Result "0-1"]
[WhiteElo "2199"]
[BlackElo "2396"]
[PlyCount "114"]
[EventDate "2016.09.02"]
[EventType "team-swiss"]
[EventRounds "11"]
[EventCountry "AZE"]
[SourceTitle "CBM 175"]
[Source "ChessBase"]
[SourceDate "2016.11.10"]
[SourceVersion "1"]
[SourceVersionDate "2016.11.10"]
[SourceQuality "1"]
[WhiteTeam "Sudan"]
[BlackTeam "Wales"]
[WhiteTeamCountry "SUD"]
[BlackTeamCountry "WLS"]

1. d4 d5 2. Bf4 Nf6 3. e3 c5 4. c3 Nc6 5. Nd2 Bf5 6. Qb3 Qb6 7. Qxb6 axb6 8. Bb5 Nd7 9. Ngf3 f6 10. h4 e6 11. 0-0 Na7 12. Bxd7+ Kxd7 13. Rfe1 cxd4 14. Nxd4 Bg6 15. N4b3 e5 16. Bg3 Nc6 17. e4 dxe4 18. Nxe4 Be7 19. Ned2 Ra4 20. Nf1 Kc7 21. Nbd2 Rd8 22. b3 Ra6 23. f4 Bd6 24. Nc4 Bc5+ 25. Kh1 exf4 26. Bxf4+ Kc8 27. b4 b5 28. bxc5 bxc4 29. Ne3 Bd3 30. Bd6 b6 31. a4 Ra5 32. Ra2 bxc5 33. Bg3 Rd7 34. Rb2 Rb7 35. Rxb7 Kxb7 36. Nd5 Rxa4 37. Re8 Ra8 38. Rxa8 Kxa8 39. Nc7+ Kb7 40. Ne8 Ne7 41. Nxg7 Nd5 42. Be1 Kb6 43. Kg1 Kb5 44. Kf2 Ka4 45. Ne6 Kb3 46. Nxc5+ Kc2 47. Na4 Bg6 48. Kf3 f5 49. g4 fxg4+ 50. Kxg4 Be8 51. Nc5 Kd1 52. Bg3 Nxc3 53. Kg5 Bg6 54. h5 Ne4+ 55. Nxe4 Bxe4 56. Kf4 Bb7 57. Ke3 c3 0-1

[Event "Olympiad-42"]
[Site "Baku"]
[Date "2016.09.02"]
[Round "1.1"]
[White "Topalov, Veselin"]
[Black "Nadir, Samir"]
[Result "1-0"]
[WhiteElo "2768"]
[BlackElo "2199"]
[PlyCount "61"]
[EventDate "2016.09.02"]
[EventType "team-swiss"]
[EventRounds "11"]
[EventCountry "AZE"]
[SourceTitle "CBM 175"]
[Source "ChessBase"]
[SourceDate "2016.11.10"]
[SourceVersion "1"]
[SourceVersionDate "2016.11.10"]
[SourceQuality "1"]
[WhiteTeam "Bulgaria"]
[BlackTeam "Sudan"]
[WhiteTeamCountry "BUL"]
[BlackTeamCountry "SUD"]

1. d4 d5 2. c4 c6 3. Nf3 e6 4. e3 f5 5. Bd3 Nf6 6. 0-0 Bd6 7. b3 Qe7 8. Nc3 0-0 9. Bb2 Ne4 10. Ne2 Nd7 11. Rc1 Qf6 12. Rc2 Ng5 13. Ne1 Qh6 14. g3 Nf6 15. f3 Bd7 16. Qc1 Nf7 17. f4 a5 18. a4 g5 19. Nf3 Ne4 20. Ba3 Be8 21. Bxe4 Bxa3 22. Qxa3 fxe4 23. Ne5 Nxe5 24. dxe5 Bh5 25. Nd4 gxf4 26. Rxf4 Rxf4 27. exf4 dxc4 28. bxc4 Rd8 29. Rd2 Qg6 30. Nxe6 Re8 31. Nc5 1-0

[Event "Africa-ch"]
[Site "Cairo"]
[Date "2015.05.07"]
[Round "6"]
[White "Oatlhotse, Providence"]
[Black "Nadir, Samir"]
[Result "0-1"]
[WhiteElo "2271"]
[BlackElo "2136"]
[PlyCount "78"]
[EventDate "2015.05.02"]
[EventType "swiss"]
[EventRounds "9"]
[EventCountry "EGY"]
[SourceTitle "CBM 166 Extra"]
[Source "ChessBase"]
[SourceDate "2015.06.18"]
[SourceVersion "1"]
[SourceVersionDate "2015.06.18"]
[SourceQuality "1"]

1. d4 d5 2. Nf3 Bf5 3. c4 e6 4. Qb3 Nc6 5. e3 Nb4 6. Na3 a5 7. c5 c6 8. Be2 b6 9. 0-0 bxc5 10. dxc5 Nf6 11. Bd2 Bxc5 12. Bxb4 axb4 13. Nc2 0-0 14. Nxb4 Rb8 15. a3 Qd6 16. Nd4 Bxb4 17. axb4 Qxb4 18. Qxb4 Rxb4 19. Nxc6 Rxb2 20. Ne7+ Kh8 21. Nxf5 Rxe2 22. Nd4 Rb2 23. Rfb1 Rxb1+ 24. Rxb1 h6 25. Nc6 Rc8 26. Rb8 Rxb8 27. Nxb8 g5 28. Nc6 Kg7 29. Kf1 Nd7 30. Ke2 h5 31. h3 Kf6 32. f3 Nc5 33. Nb4 Ke5 34. g3 Kd6 35. f4 g4 36. hxg4 hxg4 37. Kf2 Ne4+ 38. Kg2 f6 39. Nd3 Kc6 0-1